Statistics for Movie Poster Quiz #2

Click here to take the quiz!

General Stats

  • This quiz has been taken 233 times
  • The average score is 13 of 16

Answer Stats

Answer% Correct
ET: the Extra Terrestrial
95%
Twilight
95%
Rocky IV
93%
The Little Mermaid
93%
Star Wars: Episode IV - A New Hope
92%
The Godfather
92%
Back to the Future
90%
The Dark Knight
90%
The Addams Family
89%
Alien
84%
Wonder Woman
82%
Independence Day
70%
Juno
64%
The Exorcist
59%
Insidious
45%
The Bodyguard
30%

Score Distribution

Percentile by Number Answered

Percent of People with Each Score

Your Score History

You have not taken this quiz